| 000 | 00369nam a22001457a 4500 | ||
|---|---|---|---|
| 003 | OSt | ||
| 008 | 210915b ||||| |||| 00| 0 eng d | ||
| 020 | _a9789386546388 | ||
| 082 |
_a631.583 _bGHO/GR |
||
| 100 |
_aGhosh,Arupratan _95062 |
||
| 245 | _aGreen House Technology | ||
| 260 |
_aNew Delhi _bNew India Publishing Agency _c2019 |
||
| 300 | _a313 Pages | ||
| 942 | _cBK | ||
| 999 |
_c17430 _d17430 |
||